Označování zásilek

Gespeichert in:
Bibliographische Detailangaben
1. Verfasser: Holoubek, Ladislav
Weitere Verfasser: Lukešová, J.
Format: Buch
Sprache:Tschechisch
Veröffentlicht: Bratislava Obzor 1985
Tags: Tag hinzufügen
Keine Tags, Fügen Sie das erste Tag hinzu!

MARC

LEADER 00000nam a2200000 4500
001 c110207
005 20041019155146.2
041 0 |a cze 
044 |a SK 
245 1 0 |a Označování zásilek  |c Ladislav Holoubek, Jana Lukešová 
264 1 |a Bratislava  |b Obzor  |c 1985 
300 |a 60 s. 
100 1 |a Holoubek, Ladislav 
700 1 |a Lukešová, J.